000 00502nam a2200169 i 4500
001 20512
003 ES-MaACL
005 20230906152321.0
007 t|
008 021113s1957 sp ||||1| spa d
100 1 _aAgut García, Joaquín.
_918925
245 1 0 _aPescar es fácil... /
_cJoaquín Agut García.
260 _aBarcelona :
_bSintes,
_c[1957] (
_fFernando Soler Queralt)
300 _a278 p. :
_bil. ;
_c18 cm.
650 4 _aPesca deportiva.
_9160274
852 _aES-MaACL
_jC-16377
_bR.44081
999 _c20512
_d20512